00221nam a2200097Ia 4500008004100000082001400041100001500055245002000070260001800090600001500108241002s9999 xx 000 0 und d a156.5 KAT aKatz David 0aAnimals and Men aLondon:c1953 aPhilosophy